Statistiques concernant Les capitales d'Amérique du Sud

Cliquez ici pour prendre le quiz!

Statistiques générales

  • Ce quiz a été pris 513 fois
  • Le résultat moyen est 10 sur 13

Statistiques - réponses

HintAnswer% Correct
ArgentineBuenos Aires
97%
BrésilBrasilia
94%
ChiliSantiago
90%
ColombieBogota
87%
PérouLima
87%
EquateurQuito
82%
UruguayMontevideo
81%
VenezuelaCaracas
76%
BolivieSucre
75%
ParaguayAsuncion
67%
GuyanaGeorgetown
66%
Guyane FrançaiseCayenne
58%
SurinameParamaribo
55%

Distribution des résultats

Percentile par nombre de réponses

% des personnes avec chaque résultat

Votre développement - résultats

Vous n’avez pas pris ce quiz